Yo el supremo

Αποθηκεύτηκε σε:
Λεπτομέρειες βιβλιογραφικής εγγραφής
Κύριος συγγραφέας: Roa Bastos, Augusto Antonio, 1917-
Μορφή: Άγνωστο
Έκδοση: México: Siglo veintiuno, 1978
Έκδοση:8. edición
Θέματα:
Ετικέτες: Προσθήκη ετικέτας
Δεν υπάρχουν, Καταχωρήστε ετικέτα πρώτοι!

MARC

LEADER 000000000a22000000004500
001 000838
020 |a 9682301564 
041 0 |a español 
092 0 |a Pa863.4 R628y8 
100 1 |a Roa Bastos, Augusto Antonio, 1917- 
245 1 0 |a Yo el supremo 
250 |a 8. edición 
260 |a México:   |b Siglo veintiuno,   |c 1978 
300 |a 465 páginas 
650 4 |a LITERATURA PARAGUAYA 
650 4 |a NOVELA 
999 |c 1612  |d 1612